|
|
|
|
| LEADER |
00896nab a2200253 i 4500 |
| 001 |
publ817 |
| 005 |
20200303140635.0 |
| 008 |
120604s2011 hu o 0|| zxx d |
| 022 |
|
|
|a 1773-2247
|
| 024 |
7 |
|
|a 10.1016/S1773-2247(11)50066-8
|2 doi
|
| 024 |
7 |
|
|a 1766654
|2 mtmt
|
| 040 |
|
|
|a SZTE Publicatio Repozitórium
|b hun
|
| 041 |
|
|
|a zxx
|
| 100 |
1 |
|
|a Csizmazia Eszter
|
| 245 |
1 |
0 |
|a Penetration enhancer effect of sucrose laurate and Transcutol on ibuprofen
|h [elektronikus dokumentum] /
|c Csizmazia Eszter
|
| 260 |
|
|
|a Editions Sante
|c 2011
|
| 300 |
|
|
|a 411-415
|
| 490 |
0 |
|
|a Journal of Drug Delivery Science and Technology
|v 21 No. 5
|
| 700 |
0 |
1 |
|a Erős Gábor
|e aut
|
| 700 |
0 |
1 |
|a Berkesi Ottó
|e aut
|
| 700 |
0 |
1 |
|a Berkó Szilvia
|e aut
|
| 700 |
0 |
1 |
|a Révész Piroska
|e aut
|
| 700 |
0 |
1 |
|a Csányi Erzsébet
|e aut
|
| 856 |
4 |
0 |
|u http://publicatio.bibl.u-szeged.hu/817/1/1766654_Csizmazia.pdf
|z Dokumentum-elérés
|